书目信息 |
| 题名: |
俄汉翻译开发基础
|
|
| 作者: | 刘丽芬 , 李红青 , 黄忠廉 编著 | |
| 分册: | ||
| 出版信息: | 武汉 华中师范大学出版社 2007.03 |
|
| 页数: | 251页 | |
| 开本: | 23cm | |
| 丛书名: | 华大博雅高校教材 | |
| 单 册: | ||
| 中图分类: | H355.9 | |
| 科图分类: | ||
| 主题词: | 俄语--e yu--翻译--高等学校--教材 | |
| 电子资源: | ||
| ISBN: | 978-7-5622-3535-4 | |
| 000 | 01018nam 2200265 450 | |
| 001 | 012007008341 | |
| 005 | 20070929103455.07 | |
| 010 | @a978-7-5622-3535-4@dCNY27.00 | |
| 100 | @a20070814d2007 km y0chiy0120 ea | |
| 101 | 0 | @achi@arus |
| 102 | @aCN@b420000 | |
| 105 | @ay z 000yy | |
| 200 | 1 | @a俄汉翻译开发基础@Ae han fan yi kai fa ji chu@f黄忠廉, 刘丽芬, 李红青编著@Fhuang zhong lian,liu li fen,li hong qing bian zhu |
| 210 | @a武汉@c华中师范大学出版社@d2007.03 | |
| 215 | @a251页@d23cm | |
| 225 | 2 | @a华大博雅高校教材@Ahua da bo ya gao xiao jiao cai@i外语语言文学系列教材 |
| 330 | @a本书共分13章,主要内容包括建立翻译开发意识,传统方法--全译,采撷精华--摘译,再现精华--编译,转述精华--译述等。 | |
| 410 | 0 | @12001 @a华大博雅高校教材@i外语语言文学系列教材 |
| 606 | 0 | @a俄语@Ae yu@x翻译@x高等学校@j教材 |
| 690 | @aH355.9@v4 | |
| 701 | 0 | @a刘丽芬@Aliu li fen@4编著 |
| 701 | 0 | @a李红青@Ali hong qing@4编著 |
| 701 | 0 | @a黄忠廉@Ahuang zhong lian@4编著 |
| 801 | 0 | @aCN@c20070929 |
| 905 | @dH355.9@eH923 | |
| 俄汉翻译开发基础/黄忠廉, 刘丽芬, 李红青编著.-武汉:华中师范大学出版社,2007.03 |
| 251页;23cm.-(华大博雅高校教材.外语语言文学系列教材) |
| ISBN 978-7-5622-3535-4:CNY27.00 |
| 本书共分13章,主要内容包括建立翻译开发意识,传统方法--全译,采撷精华--摘译,再现精华--编译,转述精华--译述等。 |
| ● |
| 相关链接 |
|
|
|
正题名:俄汉翻译开发基础
索取号:H355.9/H923
 
预约/预借
| 序号 | 登录号 | 条形码 | 馆藏地/架位号 | 状态 | 备注 |
| 1 | 249238 | 202492383 | 语言库209/209语言库 122排1列6层/ [索取号:H355.9/H923] | 在馆 | |
| 2 | 249239 | 202492392 | 语言库209/209语言库 122排1列6层/ [索取号:H355.9/H923] | 在馆 |